000 00482nam a22001937a 4500
003 NUST-PNEC
005 20170116180742.0
008 141222b xxu||||| |||| 00| 0 eng d
020 _a0091894603
040 _cPNEC
082 _a158.1 BON
100 _91137
_aBono, Edward de
245 _aHow to have a beautiful mind
_cEdward de Bono
260 _aLondon :
_bVermilion,
_cc2004.
300 _a232 p. :
_c22 cm.
650 _xGeneral
856 _uBeautiful
942 _2ddc
_cBK
999 _c62210
_d62210